De las obras de Sor Juana Inés de la Cruz

Guardat en:
Dades bibliogràfiques
Autor principal: Juana Inés de la Cruz (Autor)
Format: Llibre
Idioma:espanyol
Publicat: Ciudad de México Frente de Afirmación Hispanista 1995
Matèries:
Etiquetes: Afegir etiqueta
Sense etiquetes, Sigues el primer a etiquetar aquest registre!

MARC

LEADER 00000nam a2200000 a 4500
001 UCZ2028
003 CL-VaPUC
008 950925e19950000MX |||||||||||||||||spa|d
082 0 4 |a Me861  |b JUA  |2 21 
100 0 |a Juana Inés de la Cruz  |e author  |9 268430 
245 1 0 |a De las obras de Sor Juana Inés de la Cruz 
246 1 3 |a La segunda celestina 
300 |a v 
942 |c BK 
945 |d 19950925 00:00:00  |a rbrito 
260 |a Ciudad de México  |b Frente de Afirmación Hispanista  |c 1995 
650 7 |a POESIAS MEXICANAS  |2 CL-VaPUC  |9 314784 
583 |a last modification  |c 19950925 00:00:00  |k Rodrigo Vera 
999 |c 238688  |d 238686 
952 |0 0  |1 0  |4 0  |6 ME_861_000000000000000_JUA_1995  |7 0  |8 A  |9 249057  |a BIBEDU  |b BIBEDU  |c ES_NOD  |d 2019-11-18  |h v.2  |i 3133540  |o Me861 JUA 1995  |p 3133540  |r 2023-08-09  |w 2019-11-18  |y BK  |k LIT 
952 |0 0  |1 0  |4 0  |6 ME_861_000000000000000_JUA_1995  |7 0  |8 A  |9 249058  |a BIBEDU  |b BIBEDU  |c ES_NOD  |d 2019-11-18  |h v.2  |i 3133559  |o Me861 JUA 1995  |p 3133559  |r 2023-08-09  |w 2019-11-18  |y BK  |k LIT